Symmetric Through Two Days Premier International Conference on Advanced Nano Materials for Energy & Real World Implications of Mathematics/ (Record no. 211850)

MARC details
000 -LEADER
fixed length control field 00625nam a2200169 4500
005 - DATE AND TIME OF LATEST TRANSACTION
control field 20250617114443.0
010 ## - LCCN (DPL NO)
LC control number ENG-145408
020 ## - INTERNATIONAL STANDARD BOOK NUMBER
International Standard Book Number 9789361632211
Terms of availability 250.00
035 ## - SYSTEM CONTROL NUMBER
System control number EN-128940
037 ## - SOURCE OF ACQUISITION
Source of stock number/acquisition DBAD
082 ## - DEWEY DECIMAL CLASSIFICATION NUMBER
Classification number 500
245 ## - TITLE STATEMENT
Title Symmetric Through Two Days Premier International Conference on Advanced Nano Materials for Energy & Real World Implications of Mathematics/
Statement of responsibility, etc Department of Mathematics
260 ## - PUBLICATION, DISTRIBUTION, ETC. (IMPRINT)
Place of publication, distribution, etc Madurai
Name of publisher, distributor, etc Shanlax Publications
Date of publication, distribution, etc 2024
270 ## - ADDRESS
Address 61,66 Vasantha Nagar
City Madurai
Postal code 625003
Electronic mail address shanlaxpublications@gmail.com
300 ## - PHYSICAL DESCRIPTION
Extent 81p.
Dimensions 24cm(Pb)
942 ## - ADDED ENTRY ELEMENTS (KOHA)
Source of classification or shelving scheme Dewey Decimal Classification
Item type English Books
Classification part 500
Call number suffix SYM
Holdings
Withdrawn status Lost status Not for loan Collection code Home library Current library Date acquired Source of acquisition Cost, normal purchase price Full call number Barcode Copy number Cost, replacement price Koha item type
    Not For Loan Non-fiction D.B.Act.Division D.B.Act.Division 17/06/2025 Delivery of Books Act Division 250.00 500 SYM EN-128940 1 250.00 English Books

© Delhi Public Library
Hit Counter
free hit counter